Normal view
MARC view
- Ray S, Ed. & Abhyankar M W, Donor
Entry Personal Name
001 - CONTROL NUMBER
- control field: 115866
003 - CONTROL NUMBER IDENTIFIER
- control field: OSt
005 - DATE AND TIME OF LATEST TRANSACTION
- control field: 20230125045101.0
008 - FIXED-LENGTH DATA ELEMENTS
- fixed length control field: 230125|| aca||aabn | a|a d
040 ## - CATALOGING SOURCE
- Original cataloging agency: OSt
- Transcribing agency: OSt
100 ## - HEADING--PERSONAL NAME
- Personal name: Ray S, Ed. & Abhyankar M W, Donor
670 ## - SOURCE DATA FOUND
- Source citation: Work cat.: (OSt)93637: Ray S, Ed. 115865, Human Capital, 2006